| 000 | 00986nam a22003017a 4500 | ||
|---|---|---|---|
| 001 | 8452 | ||
| 003 | FISKH | ||
| 005 | 20250912120853.0 | ||
| 008 | 250912b cb ||||| |||| 00| 0 eng d | ||
| 020 | _a9780545477529 | ||
| 040 |
_aFISKH _beng _cFISKH _dFISKH |
||
| 050 | _a PZ7.R193975 B | ||
| 082 | _a390 | ||
| 100 | _aRau, Dana Meachen | ||
| 245 |
_aA box can be many things / _cBy Dana Meachen Rau : Illustrated by Paige Billin-Frye |
||
| 260 |
_aNew York : _bScholastic , _c1997. |
||
| 300 |
_a32 pages : _bcolor illustrations ; _c23 cm . |
||
| 490 |
_aRookie Readers _vLevel B |
||
| 505 | _aF | ||
| 520 | _aA girl and her brother retrieve a large box from the garbage and pretend that it is a cave, car, house, and cage. | ||
| 521 | 8 |
_a300
_bLexile |
|
| 521 | 8 |
_aF
_bRaz-Plus |
|
| 650 |
_aImagination _vChildren's Books |
||
| 650 |
_aStorytime boxes _vChildren's Books |
||
| 700 |
_aBillin-Frye _eIllustrator |
||
| 942 |
_2ddc _cBK _n0 |
||
| 999 |
_c8452 _d8452 |
||